Collaborative Building Information Modelling (BIM) (Record no. 115305)

MARC details
000 -LEADER
fixed length control field 01341cad a2200265 4500
001 - CONTROL NUMBER
control field L158435
008 - FIXED-LENGTH DATA ELEMENTS--GENERAL INFORMATION
fixed length control field 100215n2015 000 0 eng u
035 ## - SYSTEM CONTROL NUMBER
System control number (Sirsi) u158435
041 ## - LANGUAGE CODE
Language code of text/sound track or separate title eng
110 2# - MAIN ENTRY--CORPORATE NAME
Corporate name or jurisdiction name as entry element Royal Institution of Chartered Surveyors
9 (RLIN) 4900
245 00 - TITLE STATEMENT
Title Collaborative Building Information Modelling (BIM)
Remainder of title Insights from behavioural economics and incentive theory
Medium [electronic resource]
260 ## - PUBLICATION, DISTRIBUTION, ETC.
Place of publication, distribution, etc. London
Name of publisher, distributor, etc. RICS
Date of publication, distribution, etc. 2015
490 #0 - SERIES STATEMENT
Series statement RICS Research
520 ## - SUMMARY, ETC.
Summary, etc. Outlines findings from a research project exploring the potential and pitfalls of collaboration and matching these with an analysis of BIM. Using interviews and online surveys, novel insights are applied to investigations of collaborative working and the potential of BIM as toolkits, for improving information flows and enabling collaborative working practices, particularly for lower tiers of the construction supply chain.
650 24 - SUBJECT ADDED ENTRY--TOPICAL TERM
Topical term or geographic name entry element SUPPLY CHAIN PARTNERING
650 24 - SUBJECT ADDED ENTRY--TOPICAL TERM
Topical term or geographic name entry element COLLABORATIVE BIM
650 24 - SUBJECT ADDED ENTRY--TOPICAL TERM
Topical term or geographic name entry element INCENTIVES
651 #4 - SUBJECT ADDED ENTRY--GEOGRAPHIC NAME
Geographic name United Kingdom
690 ## - LOCAL SUBJECT ADDED ENTRY--TOPICAL TERM (OCLC, RLIN)
Topical term or geographic name as entry element BIM
9 (RLIN) 6219
700 1# - ADDED ENTRY--PERSONAL NAME
Personal name Baddeley, Michelle
700 1# - ADDED ENTRY--PERSONAL NAME
Personal name Chang, Chen-Yu
710 1# - ADDED ENTRY--CORPORATE NAME
Corporate name or jurisdiction name as entry element University College London
9 (RLIN) 3552
856 48 - ELECTRONIC LOCATION AND ACCESS
Uniform Resource Identifier <a href="https://www.propertyresearchtrust.org/uploads/1/3/4/8/134819607/collaborative_bim.pdf">https://www.propertyresearchtrust.org/uploads/1/3/4/8/134819607/collaborative_bim.pdf</a>
Public note Available from the Property Research Trust
942 ## - ADDED ENTRY ELEMENTS (KOHA)
Suppress in OPAC 0
Source of classification or shelving scheme Dewey Decimal Classification
Holdings
Withdrawn status Lost status Damaged status Not for loan Home library Current library Shelving location Date acquired Total Checkouts Full call number Date last seen Copy number Price effective from Koha item type
        Virtual Virtual Online 17/02/2015   SCAN 02/02/2024 1 06/08/2019 Online material